Organizing the social studies in secondary schools (Record no. 1322815)

MARC details
000 -LEADER
fixed length control field 00584nam a2200193Ia 4500
005 - DATE AND TIME OF LATEST TRANSACTION
control field 20250508150302.0
008 - FIXED-LENGTH DATA ELEMENTS--GENERAL INFORMATION
fixed length control field 008 250505s9999 xx 000 0 eng d
037 ## - SOURCE OF ACQUISITION
Stock number Reference
040 ## - CATALOGING SOURCE
Original cataloging agency FEDL
Language of cataloging eng
Transcribing agency FEDL
041 ## - LANGUAGE CODE
Language code of text/sound track or separate title eng
Source of code eng
084 ## - COLON CLASSIFICATION NUMBER
Classification number 375, BIN
Assigning agency FEDL
100 ## - MAIN ENTRY--PERSONAL NAME
Personal name Bining Arthur C
9 (RLIN) 92071
245 #0 - TITLE STATEMENT
Title Organizing the social studies in secondary schools
260 ## - PUBLICATION, DISTRIBUTION, ETC.
Place of publication, distribution, etc. New York, USA
Name of publisher, distributor, etc. McGraw Hill Book Company Inc
Date of publication, distribution, etc. 1941
300 ## - PHYSICAL DESCRIPTION
Extent xi,337p
700 ## - ADDED ENTRY--PERSONAL NAME
Personal name Mohr Walter H McFeely Richard H
9 (RLIN) 756319
942 ## - ADDED ENTRY ELEMENTS (KOHA)
Koha item type Reference
Classification part 375, BIN
Holdings
Withdrawn status Lost status Damaged status Not for loan Home library Current library Date acquired Total Checkouts Full call number Barcode Date last seen Price effective from Koha item type
        Department of Education Library Department of Education Library 2025-05-08   375, BIN EL0001732 2025-05-08 2025-05-08 Reference
Copyright @ Delhi University Library System